Missing Word: PlayStation Games (A-Z) Quiz Stats

Quiz Updated Oct 3, 2016

Challenge
Share
Tweet
Embed
Score 0/26 Timer 03:00
0 Plays Today
Hint Missing Word % Correct
Resident _____Evil
94.1%
Mortal _____ Mythologies: Sub-ZeroKombat
90.2%
Metal _____ SolidGear
87%
_____ Don't Know JackYou
79.7%
Silent _____Hill
71.6%
_____ Slug XMetal
54.4%
_____ the RapperParappa
47.2%
_____ MetalTwisted
44.2%
Crash Bandicoot 2: _____ Strikes BackCortex
41.7%
_____ DivideZero
38.9%
_____: Abe's OddyseeOddWorld
37.9%
_____ Men Air AttackArmy
37.9%
Resident Evil 3: _____Nemesis
36.8%
Hint Missing Word % Correct
_____ Arena ToshindenBattle
36%
_____: Children of the AtomX-Men
35%
Crash Bandicoot 3: _____Warped
32.4%
Jersey _____Devil
31.3%
Castlevania: _____ of the NightSymphony
30.5%
_____ Racer RevolutionRidge
30.1%
ATV _____ Power RacingQuad
28.9%
Rival Schools: _____ by FateUnited
26.8%
Jumping _____!!Flash
20.6%
_____ MotoJet
19.8%
_____: Silver Star Story CompleteLunar
14.4%
_____ HeartsVandal
10.6%
Krazy _____Ivan
9.9%

Today's Daily Dose

You're not logged in!

Compare scores with friends on all Sporcle quizzes.
Sign Up with Email
OR
Log In

You Might Also Like...

Show Comments

Extras

Top Quizzes Today


Score Distribution

Your Account Isn't Verified!

In order to create a playlist on Sporcle, you need to verify the email address you used during registration. Go to your Sporcle Settings to finish the process.